Antonio Conte's Inter - Statistics

General Stats
  • This quiz has been taken 19 times
  • The average score is 27 of 37
Answer Stats
Rank Player Position Nationality Matches Goals Assists % Correct
14 Achraf Hakimi Right-Back 45 7 11
100%
8 Alessandro Bastoni Centre-Back 74 2 5
100%
9 Alexis Sánchez Centre-Forward 70 11 18
100%
11 Christian Eriksen Central Midfield 60 8 3
100%
19 Diego Godín Centre-Back 36 2 1
100%
1 Lautaro Martínez Centre-Forward 97 40 19
100%
7 Milan Škriniar Centre-Back 81 3 2
100%
6 Nicolò Barella Central Midfield 87 7 21
100%
3 Romelu Lukaku Centre-Forward 95 64 16
100%
2 Samir Handanovič Goalkeeper 95 0 0
100%
4 Stefan de Vrij Centre-Back 88 5 5
100%
29 Aleksandar Kolarov Left-Back 11 0 1
94%
22 Arturo Vidal Central Midfield 30 2 2
94%
12 Ashley Young Right-Back 59 5 9
94%
15 Ivan Perišić Right Winger 42 5 5
94%
5 Marcelo Brozović Defensive Midfield 88 5 15
94%
28 Kwadwo Asamoah Left Midfield 11 0 1
89%
23 Borja Valero Central Midfield 25 3 0
83%
34 Federico Dimarco Left-Back 4 0 0
83%
20 Matías Vecino Central Midfield 33 4 2
78%
36 Ionuț Radu Goalkeeper 2 0 0
72%
21 Matteo Darmian Right-Back 33 4 4
72%
10 Roberto Gagliardini Central Midfield 65 7 6
72%
25 Victor Moses Right Winger 20 0 5
72%
30 Valentino Lazaro Left Midfield 11 0 2
67%
13 Danilo D'Ambrosio Centre-Back 56 8 0
61%
33 Radja Nainggolan Central Midfield 5 0 0
61%
24 Andrea Ranocchia Centre-Back 21 1 1
56%
26 Matteo Politano Right Winger 15 0 0
56%
17 Stefano Sensi Central Midfield 40 3 4
56%
16 Antonio Candreva Attacking Midfield 40 7 9
50%
27 Sebastiano Esposito Second Striker 14 1 0
33%
32 Daniele Padelli Goalkeeper 7 0 0
28%
18 Cristiano Biraghi Left-Back 37 3 7
22%
35 Lucien Agoumé Defensive Midfield 3 0 0
17%
31 Andrea Pinamonti Centre-Forward 10 1 0
11%
37 Lorenzo Pirola Centre-Back 1 0 0
11%
No matching quizzes found
Score Distribution
Percent of People with Each Score
Percentile by Number Answered
Your Score History
You have not taken this quiz